000 00477nam a2200181Ia 4500
005 20250317123450.0
008 008 250317s9999 xx 000 0 eng d
037 _aTextbook
040 _aFMSL
_beng
_cFMSL
041 _aeng
_2eng
084 _aB L3
_qFMSL
100 _aPearl M
_9735443
245 0 _aMatrin theory a finite mathematics
260 _aNY
_bNY, McGraw-Hill
_c1973
300 _a450p
942 _cTB
_hB L3
999 _c1251375
_d1251375